00575nam a22001217a 450000500170000000800410001702000180005824500640007626000580014030000280019850002070022665000200043320241127100931.0241127b |||||||| |||| 00| 0 eng d a9780406002762 aLaw Reports of the Commonwealth 1989bCriminal Law Reports  aLondon, UKbButterworths & Co. (Publishing) Ltdc1991 axxxix, 817 pagesc24 cm aGeneral Editors: Read James S. Prof. LL.B. of Gray’s Inn, Barrister. Slinn Peter E. M.A., PhD., Solicitor, England and Wales. Managing Editor: Edwards Radhika LL.B. of the Inner Temple, Barrister.  2Law ReportsxUK